| 000 | 00702nam a22001217a 4500 | ||
|---|---|---|---|
| 020 | _a978-0-141-34515-4 | ||
| 082 |
_a823 _bKIN/D |
||
| 100 | _aKINNEY, JEFF | ||
| 245 |
_aTHE DIARY OF A WIMPY KID _bMOVIE DIARY |
||
| 520 | _aMiddle school is not an enjoyable experience for preteen Greg Heffley (Zachary Gordon) but a horrid ordeal of social land-mines that he must bear. To do so, he devises schemes to win him the recognition and status he feels he deserves -- all of which fail miserably. Greg chronicles his misadventures, thoughts and opinions in a diary to prepare for the day that he will no longer have to put up with nonsense. | ||
| 650 |
_aYOUNG ADULT COMEDY FICTION _zUNITED KINGDOM |
||
| 942 | _cBK | ||
| 999 |
_c6161 _d6161 |
||